banner-ar

رسالة صفى الدين بن ابى المنصور / (Record no. 43549)

MARC details
000 -الفاتح
حقل البيانات ثابتة الطول 00608nam a2200193Ia 4500
008 - عناصر البيانات ثابتة الطول - معلومات عامة
حقل البيانات ثابتة الطول 140319s9999 xx 000 0 ara d
040 ## - مصدر الفهرسة
وكالة الفهرسة الأصلية GCL /
وكالة النسخ GCL
082 04 - رقم تصنيف ديوى العشرى
رقم التصنيف 922.1
رقم المادة ص ر
100 1# - المدخل الرئيسى - إسم شخصى
الإسم الشخصى صفى الدين ابن ابى المنصور
245 10 - بيان العنوان
العنوان رسالة صفى الدين بن ابى المنصور /
بيان المسئوليه,etc صفى الدين ابن ابى المنصور
700 1# - المدخل الاضافى - اسم شخصى
الإسم الشخصى جريل، دينى
300 ## - الوصف المادى
التعداد "116 ; 257"
490 ## - بيان السلسلة
عنوان السلسلة 100 قصة
رقم المجلد/ التعيين التسلسلي 0
650 04 - المدخل الاضافى بالموضوع-مصطلح موضوعى
مصطلح موضوعي الاسلام
650 04 - المدخل الاضافى بالموضوع-مصطلح موضوعى
مصطلح موضوعي الاسلام - تراجم
650 04 - المدخل الاضافى بالموضوع-مصطلح موضوعى
مصطلح موضوعي الائمة والاولياء
942 ## - عناصر المدخل الإضافي( كوها)
مصدر التصنيف او مخطط الترفيف Dewey Decimal Classification
Koha [default] item type كتاب
Holdings
حالة التراجع حالة الفقد حالة تلف ليس للاعارة المكان المؤقت الموقع الحالى تاريخ الاكتساب اجمالي اﻻعارات رقم الطلب الباركود تاريخ اخر مشاهدة تاريخ تفعيل السعر نوع وعاء كوها
        مكتبة القاهرة الكبرى مكتبة القاهرة الكبرى 03/26/2014   922.1\ص ر 105466 03/26/2014 03/26/2014 كتاب
        مكتبة القاهرة الكبرى مكتبة القاهرة الكبرى 03/26/2014   922.1\ص ر 105467 03/26/2014 03/26/2014 كتاب

Powered By

EGPV